000 00585nam a2200181Ia 4500
008 090123s9999 xx 000 0 und d
082 _b7548
_a891.463/सप्रे
100 _aसप्रे मधुवंती
245 _aसुवर्ण पिंपळ
250 _a1
260 _bप्रिया प्रकाशन
300 _a120
600 _aसप्रे मधुवंती
630 _aसुवर्ण पिंपळ
700 _aसप्रे मधुवंती
730 _aसुवर्ण पिंपळ
942 _cBOOK
999 _c45614
_d45614